000 00722nam a22002057a 4500
008 090327t xxu||||| |||| 00| 0 eng d
010 _aENG-93287
020 _c140.00
035 _aEN-76820
037 _bDBAD / PUB
040 _adpl
_bEnglish
082 _a867.092
100 _aPathak, Dayananda
245 _aSrimanta Sankaradeva:
_cby Dayananda Pathak
_bthe great master /
260 _aGuwahti
_bChandra Prakash
_c2009
270 _aPanbazar,
_bGuwahti
_e1
300 _a138p.
_c21cm (Hb)
942 _2ddc
_cEN
_mPAT
_h867.092
999 _c25548
_d25548